| 000 | 00626nam a22002057a 4500 | ||
|---|---|---|---|
| 005 | 20251108164930.0 | ||
| 008 | 250721s1996 xx 000 0 ara d | ||
| 082 | 1 | 4 | _a651.53/راز |
| 100 | 1 | _aالرازم، عز الدين حسين | |
| 245 | 1 | 0 | _aإدارة المحفوظات / |
| 246 | 1 | 1 | _aRecords management |
| 264 | 1 |
_aعمان : _c1996. |
|
| 300 | _a150ص | ||
| 500 | _aدليل عملي لتنظيم المحفوظات في البنوك و الشركات | ||
| 650 | 1 | 7 | _aتنظيم الملفات |
| 650 | 1 | 7 | _aإدارة الأرشيف |
| 650 | 1 | 7 | _aالأرشيف |
| 942 |
_2ddc _cBK |
||
| 999 |
_c17770 _d17770 |
||